00760 2200277 4500001002100000005001700021008004100038035002500079040001200104041000800116082001400124090001800138245004600156260003200202300005200234500005400286600002500340650000900365850001200374990001600386990001600402990001600418990001600434990001600450990001600466YOGYA-0213000000010720150317084230.0 ind  a0010-021300000000107 aYOPDYOG aInd aBR 297.22 aBR 297.22 Ser a101 dosa-dosa besarcNasrul Umam Syafi iy aJakartabQultum Mediac2004 a...Volumec30 cm. (6 eks) yang diterima vol 1-3 aDi brailekan oleh yayasan Mtra Netra Jakarta 2008 aNasrul Umam Syafi iy aDosa aYOPDYOG a031-BR/B.12 a032-BR/B.12 a033-BR/B.12 a034-BR/B.12 a035-BR/B.12 a036-BR/B.12